<?xml version="1.0" encoding="UTF-8"?>
<marc:record xmlns:marc="http://www.loc.gov/MARC21/slim">
   <marc:leader>00000nam a2200000 a 4500</marc:leader>
   <marc:datafield ind1="1" ind2=" " tag="100">
      <marc:subfield code="a">Wölfel, Ursula</marc:subfield>
      <marc:subfield code="4">aut</marc:subfield>
      <marc:subfield code="e">Verfasser/-in</marc:subfield>
   </marc:datafield>
   <marc:datafield ind1=" " ind2=" " tag="653">
      <marc:subfield code="a">Geschichte 1921-1944</marc:subfield>
   </marc:datafield>
   <marc:datafield ind1=" " ind2=" " tag="653">
      <marc:subfield code="a">Familie</marc:subfield>
   </marc:datafield>
   <marc:datafield ind1=" " ind2=" " tag="653">
      <marc:subfield code="a">Kind</marc:subfield>
   </marc:datafield>
   <marc:datafield ind1=" " ind2=" " tag="653">
      <marc:subfield code="a">Behinderung</marc:subfield>
   </marc:datafield>
   <marc:datafield ind1=" " ind2=" " tag="653">
      <marc:subfield code="a">Vater</marc:subfield>
   </marc:datafield>
   <marc:datafield ind1=" " ind2=" " tag="653">
      <marc:subfield code="a">Nationalsozialist</marc:subfield>
   </marc:datafield>
   <marc:datafield ind1=" " ind2=" " tag="653">
      <marc:subfield code="a">Jugendbuch</marc:subfield>
   </marc:datafield>
   <marc:datafield ind1="0" ind2="0" tag="245">
      <marc:subfield code="a">Ein Haus für alle</marc:subfield>
   </marc:datafield>
   <marc:datafield ind1="0" ind2="0" tag="245">
      <marc:subfield code="c">Ursula Wölfel</marc:subfield>
   </marc:datafield>
   <marc:datafield ind1=" " ind2="1" tag="264">
      <marc:subfield code="a">Stuttgart</marc:subfield>
      <marc:subfield code="b">Thienemann</marc:subfield>
      <marc:subfield code="c">2008</marc:subfield>
   </marc:datafield>
   <marc:datafield ind1="1" ind2=" " tag="520">
      <marc:subfield code="a">Angaben aus der Verlagsmeldung

Ein Haus für alle / von Ursula Wölfel

Frühmorgens an einem Donnerstag im Oktober 1921 geht Dana ohne Abschied fort von ihrem Vater Laszlo und ihrem Bruder Leo, sie geht fort von den vertrauten Wegen und Bäumen, vom Bach, der den Hohlweg hinunterspringt, und vom Einödhof, den man „Im Hochtal“ nennt. Sie ist siebzehn Jahre alt. Dana geht, um ihr eigenes Leben zu suchen, und Leo folgt ihr, um nicht länger Knecht auf dem Hof seines Vaters zu sein. Wandervogelfreunde haben den beiden von vielen Möglichkeiten vorgeschwärmt, die ihnen im Ruhrgebiet offenstehen.

Was folgt, ist die Geschichte der Geschwister und ihrer Freunde, die gemeinsam ein Haus in Duisburg-Hamborn kaufen. Ursula Wölfel erzählt von Leos und Rikes Liebe, von Danas und Pauls schwieriger Ehe und von ihren heranwachsenden Kindern, vom Zusammenleben aller Freunde zu einer Zeit, in der immer stärker Politisches in private Bereiche eingreift und Danas jüngstes Kind, der behinderte Robert, in Gefahr gerät, ein Opfer der nationalsozialistischen Vernichtungsmaschinerie zu werden.

Erlebte Geschichte, mehrfach preisgekrönt. Ab 13 Jahren
</marc:subfield>
   </marc:datafield>
   <marc:datafield ind1=" " ind2=" " tag="020">
      <marc:subfield code="a">9783522180962</marc:subfield>
      <marc:subfield code="9">9783522180962</marc:subfield>
   </marc:datafield>
   <marc:datafield ind1=" " ind2=" " tag="041">
      <marc:subfield code="a">ger</marc:subfield>
   </marc:datafield>
   <marc:datafield ind1=" " ind2=" " tag="300">
      <marc:subfield code="a">365 S.</marc:subfield>
   </marc:datafield>
</marc:record>
